banner-ar

ENCYCLOPEDIA OF COMPUTER SCIENCE, 3rd ed. / (Record no. 18921)

MARC details
000 -الفاتح
حقل البيانات ثابتة الطول 00599nam a2200193Ia 4500
008 - عناصر البيانات ثابتة الطول - معلومات عامة
حقل البيانات ثابتة الطول 140319s9999 xx 000 0 eng d
040 ## - مصدر الفهرسة
وكالة الفهرسة الأصلية GCL /
وكالة النسخ GCL
082 04 - رقم تصنيف ديوى العشرى
رقم التصنيف RER
رقم المادة 004.03
-- R E
100 1# - المدخل الرئيسى - إسم شخصى
الإسم الشخصى PETER COLLIN PUBLISHING
245 10 - بيان العنوان
العنوان ENCYCLOPEDIA OF COMPUTER SCIENCE, 3rd ed. /
بيان المسئوليه,etc PETER COLLIN PUBLISHING
700 1# - المدخل الاضافى - اسم شخصى
الإسم الشخصى MODGETTS,RICHARD
700 1# - المدخل الاضافى - اسم شخصى
الإسم الشخصى LAROUSSE
260 ## - PUBLICATION, DISTRIBUTION, ETC. (IMPRINT)
تاريخ النشر أو التوزيع 1943
300 ## - الوصف المادى
التعداد 1558 P
650 04 - المدخل الاضافى بالموضوع-مصطلح موضوعى
مصطلح موضوعي شعر الحرب
650 04 - المدخل الاضافى بالموضوع-مصطلح موضوعى
مصطلح موضوعي ENYCLOPEDIAS AND DICTIONARIES
942 ## - عناصر المدخل الإضافي( كوها)
مصدر التصنيف او مخطط الترفيف Dewey Decimal Classification
Koha [default] item type كتاب
100 1# - المدخل الرئيسى - إسم شخصى
-- Jt. author
--
-- …ؤلف مشارك
260 ## - PUBLICATION, DISTRIBUTION, ETC. (IMPRINT)
-- [S.N] :
-- CHAPMAN & HALL ،
Holdings
حالة التراجع حالة الفقد حالة تلف ليس للاعارة المكان المؤقت الموقع الحالى تاريخ الاكتساب اجمالي اﻻعارات رقم الطلب الباركود تاريخ اخر مشاهدة تاريخ تفعيل السعر نوع وعاء كوها
        مكتبة القاهرة الكبرى مكتبة القاهرة الكبرى 03/26/2014   RER\004.03\R E 36066 03/26/2014 03/26/2014 كتاب

Powered By

EGPV